Dějiny arabských států Zálivu /
Uloženo v:
| Hlavní autor: | |
|---|---|
| Médium: | Kniha |
| Jazyk: | Czech |
| Vydáno: |
Praha :
NLN,
2025
|
| Vydání: | Vydání první |
| Edice: | Dějiny států
|
| Témata: | |
| Celkem bylo vypůjčeno: | 0x |
| Tagy: |
Žádné tagy |
| LEADER | 01516nam a2200433 i 4500 | ||
|---|---|---|---|
| 001 | 106294 | ||
| 003 | CZ PrNK | ||
| 005 | 20260512100144.0 | ||
| 007 | ta | ||
| 008 | 251010s2025 xr abc f 001 0 cze | ||
| 015 | |a cnb003713432 | ||
| 020 | |a 9788074226045 |q (vázáno) | ||
| 040 | |a BOA001 |b cze |e rda | ||
| 072 | 7 | |a 94(53) |x Dějiny států a území na Arabském poloostrově |2 Konspekt |9 8 | |
| 080 | |a 94(5-15) |2 MRF | ||
| 080 | |a (5-15) |2 MRF | ||
| 080 | |a (048.8) |2 MRF | ||
| 100 | 1 | |a Mendel, Miloš, |d 1952- |7 jn20000401773 |4 aut |9 27202 | |
| 245 | 1 | 0 | |a Dějiny arabských států Zálivu / |c Miloš Mendel |
| 250 | |a Vydání první | ||
| 264 | 1 | |a Praha : |b NLN, |c 2025 | |
| 300 | |a 580 stran : |b ilustrace, mapy, portréty ; |c 22 cm | ||
| 336 | |a text |b txt |2 rdacontent | ||
| 337 | |a bez média |b n |2 rdamedia | ||
| 338 | |a svazek |b nc |2 rdacarrier | ||
| 490 | 1 | |a Dějiny států | |
| 500 | |a Chronologický přehled | ||
| 504 | |a Obsahuje bibliografii a rejstřík | ||
| 651 | 7 | |a země Perského zálivu |7 ge987823 |x dějiny |2 czenas | |
| 651 | 9 | |a Persian Gulf countries |x history |2 eczenas | |
| 655 | 7 | |a monografie |7 fd132842 |2 czenas |9 53720 | |
| 655 | 7 | |a přehledy |7 fd133202 |2 czenas |9 164 | |
| 655 | 9 | |a monographs |2 eczenas | |
| 655 | 9 | |a surveys |2 eczenas | |
| 830 | 0 | |a Dějiny států | |
| 910 | |a UOG502 | ||
| 942 | |2 ddc |c KN | ||
| 999 | |d 106294 | ||
| 993 | |0 0 |1 421180107019 |2 ddc |4 0 |6 950_000000000000000 |7 0 |9 99667 |b 0 |c 107019 |d 2026-05-12 |e 0 |f DOSP |g 950 |h 699.00 |i Koupě |l DOSP |r 2026-05-12 |t 5 |w 2026-05-12 |y KN |z NAUCNA |n | ||